000 01107nam1a22003371i 4500
001 v19\rc\1337311
005 20240723110549.0
035 _a(NLR Aleph) 004486448
090 _a4629435
_c4629435
100 _a20060512g18561858|||y0rusy50 ca
101 0 _arus
102 _aRU
105 _ay z |||||
200 1 _aИсследования об иранских курдах и их предках северных халдеях
_f[Соч.] Петра Лерха. Кн. 1-3
210 _aСанкт-Петербург
_cтип. Имп. Акад. наук
_d1856-1858
215 _a3 т.
_d24
300 _aВ 3 кн. тип. не указана
700 1 _aЛерх
_bП.И.
_f1827-1884
_gПетр Иванович
801 0 _aRU
_bNLR
_gpsbo
801 0 _aRU
_bRuMoRGB
_2psbo
801 1 _aRU
_bProSoft-M
_2rusmarc
852 _aNLR
_bМф
_jК-1/30195
852 _aNLR
_j18.20.3.10
852 _aNLR
_j133/2575
899 _aRuMoRGB
_jW 511/46
899 _aRuMoRGB
_jF 16/143а
899 _aБАН
899 _aНБ СПбГУ
899 _aГПИБ
899 _aНБ МГУ (2, 3)
942 _cBOOK